|
|
|
|
| LEADER |
01724nam a2200433 a 4500 |
| 001 |
nkc20122373257 |
| 003 |
CZ PrNK |
| 005 |
20120808131203.0 |
| 007 |
ta |
| 008 |
120613s2012 xr a e 000 0 cze |
| 015 |
|
|
|a cnb002373257
|
| 020 |
|
|
|a 978-80-7231-859-9
|q (brož.) :
|c Kč 42,00
|
| 035 |
|
|
|a (OCoLC)806200028
|
| 040 |
|
|
|a OLA001
|b cze
|d ABA001
|
| 072 |
|
7 |
|a 519.1/.8
|x Kombinatorika. Teorie grafů. Matematická statistika. Operační výzkum. Matematické modelování
|2 Konspekt
|9 13
|
| 080 |
|
|
|a 519.213
|2 MRF
|
| 080 |
|
|
|a (083.4)
|2 MRF
|
| 100 |
1 |
|
|a Lešovský, Vladimír
|7 ola2012706520
|4 aut
|
| 245 |
1 |
0 |
|a Statistické tabulky /
|c Vladimír Lešovský
|
| 250 |
|
|
|a Vyd. 1.
|
| 260 |
|
|
|a Brno :
|b Univerzita obrany,
|c 2012
|
| 300 |
|
|
|a 12 s. :
|b il. ;
|c 30 cm
|
| 500 |
|
|
|a Název z obálky
|
| 500 |
|
|
|a Nad názvem: Univerzita obrany, Fakulta vojenských technologií
|
| 500 |
|
|
|a Na obálce označení: S-9064
|
| 500 |
|
|
|a 300 výt
|
| 504 |
|
|
|a Obsahuje bibliografické odkazy
|
| 650 |
0 |
7 |
|a rozložení pravděpodobností
|7 ph125263
|2 czenas
|
| 650 |
0 |
9 |
|a probability distributions
|2 eczenas
|
| 655 |
|
7 |
|a tabulky
|7 fd133666
|2 czenas
|
| 655 |
|
9 |
|a tables
|2 eczenas
|
| 710 |
2 |
|
|a Univerzita obrany.
|b Fakulta vojenských technologií
|7 olak2005266949
|
| 856 |
4 |
1 |
|u http://www.digitalniknihovna.cz/mzk/uuid/uuid:be3066f0-b7ef-11e8-bbaa-005056827e52
|y Digitalizovaný dokument
|x NDK
|
| 910 |
2 |
|
|a BOA001
|b 4-1288.249
|
| 990 |
|
|
|a BK
|
| 995 |
|
|
|a 01
|
| 991 |
|
|
|b 201207
|c NOV
|e n
|
| 996 |
6 |
|
|b 2610515667
|c 4-1288.249
|l MZK
|r Sklad / do 1 hodiny
|n 1
|p p.v.
|w 001263784
|u 000010
|a 1
|e BOA001
|j MZK50
|s P
|
| 996 |
7 |
|
|b 2610515668
|c 4-1288.249
|l MZK
|r Sklad / do 1 hodiny
|n 5
|p p.v.
|w 001263784
|u 000020
|a 1
|e BOA001
|j MZK50
|s A
|